Who am I?(KHMER) / (Record no. 48941)
| 000 -LEADER | |
|---|---|
| fixed length control field | 00251nam a2200097 4500 |
| 100 ## - MAIN ENTRY--PERSONAL NAME | |
| Personal name | Ngoun, Sakal |
| 9 (RLIN) | 80256 |
| 245 ## - TITLE STATEMENT | |
| Title | Who am I?(KHMER) / |
| Statement of responsibility, etc | Sakal Ngoun |
| 260 ## - PUBLICATION, DISTRIBUTION, ETC. (IMPRINT) | |
| Place of publication, distribution, etc | Cambodia |
| Name of publisher, distributor, etc | PDH Bookshop |
| Date of publication, distribution, etc | 2024 |
| 300 ## - PHYSICAL DESCRIPTION | |
| Extent | 16 p. |
| Other physical details | col. ill. |
| Dimensions | 27 cm. |
| 942 ## - ADDED ENTRY ELEMENTS (KOHA) | |
| Source of classification or shelving scheme | |
| Koha item type | Book |
| Withdrawn status | Lost status | Source of classification or shelving scheme | Damaged status | Not for loan | Collection code | Home library | Current library | Shelving location | Date acquired | Total Checkouts | Full call number | Barcode | Checked out | Date last seen | Date checked out | Price effective from | Koha item type |
|---|---|---|---|---|---|---|---|---|---|---|---|---|---|---|---|---|---|
| Siem Riep | Asian Hope Early Years Library | Asian Hope Early Years Library | Easy Reading | 05/22/2025 | 6 | KHMER E NGO | 208036 | 04/28/2026 | 04/28/2026 | 04/28/2026 | 05/22/2025 | Book |